| 000 | 00798cam a22002533a 4500 | ||
|---|---|---|---|
| 001 | 6628 | ||
| 003 | PGUSA | ||
| 005 | 20140828083135.0 | ||
| 008 | 041001s2004||||xxu|||||s|||||000 | eng d | ||
| 040 |
_aPGUSA _beng |
||
| 042 | _adc | ||
| 050 | 4 | _aE456 | |
| 100 | 1 |
_aTownsend, George Alfred, _d1841-1914 |
|
| 245 | 1 | 4 |
_aThe Life, Crime, and Capture of John Wilkes Booth _h[electronic resource] / _cGeorge Alfred Townsend |
| 260 |
_bProject Gutenberg, _c2004 |
||
| 506 | _aPublic domain in the USA. | ||
| 516 | _aElectronic text | ||
| 653 | _aAssassins -- United States -- Biography | ||
| 653 | _aLincoln, Abraham, 1809-1865 -- Assassination | ||
| 653 | _aBooth, John Wilkes, 1838-1865 | ||
| 830 | 0 |
_aProject Gutenberg _v6628 |
|
| 856 | 4 | 0 | _uhttp://www.gutenberg.org/ebooks/6628 |
| 942 | _cEB | ||
| 999 |
_c235948 _d235948 |
||